000 00882nam a2200205 i 4500
001 79820
003 ES-MaACL
005 20230906174046.0
007 t|
008 041025s1975 sp ||||1| spa d
100 1 _aHerrero Tejedor, Fernando.
_963344
245 1 3 _aLa familia y la sociedad española :
_bdiscurso pronunciado en el acto de clausura del III Congreso Nacional de la Familia, celebrado en el salón de actos del Instituto Nacional de Educación Física y Deportes, el día 7 de junio de 1975 /
_cFernando Herrero Tejedor.
260 _a[Madrid] :
_bEdiciones del Movimiento,
_c[1975]
300 _a21 p. ;
_c21 cm.
650 4 _aFamilias-
_zEspaña.
_9153338
710 2 _aEdiciones del Movimiento.
_9171800
711 2 _aCongreso Nacional de la Familia Española (
_n3º.
_d1975.
_cMadrid)
_9171823
852 _aES-MaACL
_j2096-F-11
852 _aES-MaACL
_j2096-F-12
999 _c79820
_d79820